Países más cercanos a Kirguistán - Estadísticas

Estadísticas generales
  • Esta prueba ha sido intentada 71 veces
  • La puntuación promedio es 17 de 20
Estadísticas de respuestas
km país % Correcto
101 Afganistán
100%
0 Kazajistán
98%
886 Rusia
98%
0 China
97%
525 India
97%
2058 Irak
95%
787 Irán
95%
262 Pakistán
95%
0 Tayikistán
95%
0 Uzbekistán
95%
920 Mongolia
93%
1197 Nepal
93%
290 Turkmenistán
93%
1937 Armenia
89%
1764 Bután
85%
1606 Azerbaiyán
84%
1906 Georgia
84%
1871 Bangladés
79%
1890 Omán
43%
1937 Emiratos Árabes Unidos
38%
No se encontraron pruebas coincidentes
Distribución de puntuación
Porcentaje de gente con cada puntuación
Porcentaje por número respondido
Historial de tus puntuaciones
No has intentado esta prueba.